Catálogo

Design for six sigma : (Registro nro. 26457)

Detalles MARC
000 -LEADER
fixed length control field 00980cam a2200277 i 4500
001 - CONTROL NUMBER
control field 26457
005 - DATE AND TIME OF LATEST TRANSACTION
control field 20250607113800.0
008 - FIXED-LENGTH DATA ELEMENTS--GENERAL INFORMATION
fixed length control field 140415s2009 nyud 000 0 eng d
020 ## - INTERNATIONAL STANDARD BOOK NUMBER
International Standard Book Number 9780071547673
Qualifying information pasta dura
041 0# - LANGUAGE CODE
Language code of text/sound track or separate title eng
082 04 - DEWEY DECIMAL CLASSIFICATION NUMBER
Classification number 658.562
Item number Y25
Edition number 23
100 1# - MAIN ENTRY--PERSONAL NAME
Personal name Yang, Kai,
Relator term autor
9 (RLIN) 3846
245 10 - TITLE STATEMENT
Title Design for six sigma :
Remainder of title a roadmap for product development /
Statement of responsibility, etc. Kai Yang, Basem S. El-Haik
250 ## - EDITION STATEMENT
Edition statement Second edition
264 #1 - PRODUCTION, PUBLICATION, DISTRIBUTION, MANUFACTURE, AND COPYRIGHT NOTICE
Place of production, publication, distribution, manufacture New York :
Name of producer, publisher, distributor, manufacturer McGraw-Hill,
Date of production, publication, distribution, manufacture, or copyright notice 2009
300 ## - PHYSICAL DESCRIPTION
Extent xi, 741 páginas :
Other physical details gráficas ;
Dimensions 24 cm
336 ## - CONTENT TYPE
Source rdacontent
Content type term texto
Content type code txt
337 ## - MEDIA TYPE
Source rdamedia
Media type term sin medio
Media type code n
338 ## - CARRIER TYPE
Source rdacarrier
Carrier type term volumen
Carrier type code nc
650 #7 - SUBJECT ADDED ENTRY--TOPICAL TERM
Source of heading or term armarc
Topical term or geographic name entry element Control de calidad
General subdivision Métodos estadísticos
650 #7 - SUBJECT ADDED ENTRY--TOPICAL TERM
Source of heading or term armarc
Topical term or geographic name entry element Diseño experimental
700 1# - ADDED ENTRY--PERSONAL NAME
Personal name El-Haik, Basem S.,
Relator term autor
942 ## - ADDED ENTRY ELEMENTS (KOHA)
Source of classification or shelving scheme Dewey Decimal Classification
Koha item type Libro
Classification part 658.562
Item part Y25
998 ## - LOCAL CONTROL INFORMATION (RLIN)
Cataloger's initials, CIN (RLIN) avdi
Existencias
Withdrawn status Lost status Source of classification or shelving scheme Damaged status Not for loan Collection code Home library Current library Shelving location Date acquired Source of acquisition Cost, normal purchase price Inventory number Total Checkouts Full call number Barcode Date last seen Cost, replacement price Price effective from Koha item type
    Dewey Decimal Classification     General Biblioteca Karol Wojtyla Biblioteca Karol Wojtyla Sala general 22/05/2025 2 3710.70 151000000000000000081974   658.562 Y25 2009 106072 06/02/2026 3710.70 22/05/2025 Reserva permanente